| 000 | 00724nam a22002297a 4500 | ||
|---|---|---|---|
| 003 | UA-OsUOA | ||
| 001 | 30175 | ||
| 007 | ta | ||
| 008 | 20041105b un ||||| |||| 00| 0 ukr d | ||
| 090 |
_a911.9:502 _bЧ-39 |
||
| 942 | _cBK | ||
| 040 |
_aUA-OsUOA _brus _cUA-OsUOA _dUA-OsUOA |
||
| 245 |
_aЧеловек, общество и окружающая его среда _bГеографические аспекты использования естественных ресурсов и сохранения окружающей среды |
||
| 300 | _a440 с. | ||
| 955 | _a0 | ||
| 041 | _arus | ||
| 080 | _a911.9:502 | ||
| 260 |
_aМосква _bМысль _c1973 |
||
| 044 | _aRU | ||
| 650 | 7 | _2UDC | |
| 999 |
_c316582 _d316582 |
||